书目信息 |
| 题名: |
世界著名科幻故事集
|
|
| 作者: | 金涛 主编 | |
| 分册: | 奇奇怪怪的人 | |
| 出版信息: | 北京 中国少年儿童出版社 [1991] |
|
| 页数: | 222页 | |
| 开本: | 19cm | |
| 丛书名: | 科幻故事大世界 | |
| 单 册: | ||
| 中图分类: | I18 , I14 | |
| 科图分类: | ||
| 主题词: | 儿童文学--科学故事--世界--选集 , 小说--作品集--世界 , 科学故事 | |
| 电子资源: | ||
| ISBN: | 7-5007-1193-X | |
| 000 | 00891oam2 2200289 450 | |
| 001 | 1571574055 | |
| 005 | 20150128195317.68 | |
| 010 | @a7-5007-1193-X@dCNY8.00 | |
| 100 | @a19980518e19971991cdmy0chiy0110 ea | |
| 101 | 1 | @achi@cmul |
| 102 | @aCN@b110000 | |
| 105 | @af z 000zy | |
| 200 | 1 | @a世界著名科幻故事集@9shi jie zhu ming ke huan gu shi ji@i奇奇怪怪的人@f金涛主编 |
| 210 | @a北京@c中国少年儿童出版社@d[1991]@h1997重印 | |
| 215 | @a222页@c插图@d19cm | |
| 225 | 2 | @a科幻故事大世界 |
| 300 | @a版权页题:1994年第1版1997年成套出版;经查,应为1991年第1版 | |
| 461 | 0 | @12001 @a科幻故事大世界 |
| 517 | 1 | @a奇奇怪怪的人@9qi qi guai guai de ren |
| 606 | 0 | @a儿童文学@x科学故事@y世界@x选集 |
| 606 | 0 | @a小说@x作品集@x世界 |
| 606 | 0 | @a科学故事 |
| 690 | @aI18@v5 | |
| 690 | @aI14@v4 | |
| 701 | 0 | @a金涛@9jin tao@4主编 |
| 801 | 0 | @aCN@bTSSF@c20150128 |
| 905 | @aZUCC@dI14@eJY96 | |
| 世界著名科幻故事集.奇奇怪怪的人/金涛主编.-北京:中国少年儿童出版社,[1991](1997重印) |
| 222页:插图;19cm.-(科幻故事大世界) |
| 版权页题:1994年第1版1997年成套出版;经查,应为1991年第1版 |
| ISBN 7-5007-1193-X:CNY8.00 |
| ● |
| 相关链接 |
|
|
|
|
正题名:世界著名科幻故事集
索取号:I14/JY96
 
预约/预借
| 序号 | 登录号 | 条形码 | 馆藏地/架位号 | 状态 | 备注 |
| 1 | 7838678 | 278386783 | 学院路分馆/ [索取号:I14/JY96] | 在馆 |